| 000 | 00337nam a2200145Ia 4500 | ||
|---|---|---|---|
| 008 | 230312s9999||||xx |||||||||||||| ||und|| | ||
| 020 | _a1844074226 | ||
| 082 |
_a333.953 _bBIO |
||
| 245 | 0 | _aBiofuels for Transport | |
| 260 |
_bWorldwatch Institute _aUSA _c2008 |
||
| 300 | _a452 | ||
| 546 | _aEng. | ||
| 650 | _aEngineering | ||
| 942 | _cBK | ||
| 999 |
_c6105 _d6105 |
||